Hieizan to Koyasan : Saicho to Kukai o chushin to shite /

Saved in:
Bibliographic Details
Main Author: Katsuno, Ryushin, 1890-
Format: Book
Language:Japanese
Published: Tokyo : Shibundo, Showa 41 [1966].
Edition:Zohoban.
Series:Nihon rekishi shinsho
Subjects:
LEADER 01164cam a2200301 a 4500
001 c000120100
003 CARM
005 20010904151545.0
008 000120s1966 ja a b 000 0cjpn d
040 |a MdU  |b eng  |c MdU  |d MnU  |d VU 
043 |a a-ja--- 
050 4 |a BL1473.K8  |b K3 1966 
100 1 |a Katsuno, Ryushin,  |d 1890- 
245 1 0 |a Hieizan to Koyasan :  |b Saicho to Kukai o chushin to shite /  |c Katsuno Ryushin cho. 
250 |a Zohoban. 
260 |a Tokyo :  |b Shibundo,  |c Showa 41 [1966]. 
300 |a [8], 260 p., [4] p. of plates :  |b ill. ;  |c 19 cm. 
440 0 |a Nihon rekishi shinsho 
504 |a Includes bibliographical references (p.247-249). 
600 0 0 |a Saicho,  |d 767-822. 
600 0 0 |a Kukai,  |d 774-834. 
610 2 0 |a Enryakuji (Otsu-shi, Japan)  |x History. 
610 2 0 |a Koyasan Monasteries (Japan)  |x History. 
650 0 |a Priests, Tendai  |z Japan  |x Biography. 
650 0 |a Priests, Shingon  |z Japan  |x Biography. 
852 8 |b CARM  |h A2:AI24A0  |i B04481  |p 0204327  |f BK 
999 f f |i efd5ae53-5df0-5ab9-8ba9-d902fd2df878  |s 2491222b-9b6e-5ad4-a2b1-f758ac2639ba 
952 f f |p Can circulate  |a CAVAL  |b CAVAL  |c CAVAL  |d CARM 1 Store  |e B04481  |f A2:AI24A0  |h Other scheme  |i book  |m 0204327